Statistics for Pokémon names that end with G

Click here to take the quiz!

General Stats

  • This quiz has been taken 53 times
    (37 since last reset)
  • The average score is 13 of 27

Answer Stats

GenPokémon% Correct
IWeezing
64%
IKoffing
64%
IIIMetang
57%
VTepig
57%
VKlang
57%
VKlinklang
57%
ILickitung
50%
IIUrsaring
50%
IISlowking
50%
VIScatterbug
50%
INidoking
50%
IVTurtwig
43%
IIISlaking
43%
ISeaking
43%
IVBronzong
43%
VIICharjabug
43%
IIIGrumpig
43%
IIGirafarig
43%
VIFletchling
43%
IDewgong
43%
VDeerling
43%
VIICosmog
43%
IVChingling
43%
VIAvalugg
43%
VIIIBlipbug
36%
IPoliwag
36%
VWatchog
36%

Score Distribution

Percentile by Number Answered

Percent of People with Each Score

Your Score History

You have not taken this quiz since the last reset